German Dative Pronouns - Statistics

General Stats
  • This quiz has been taken 4 times
  • The average score is 6 of 9
Answer Stats
Nominativ Dativ % Correct
du dir
100%
ich mir
100%
Sie (you) Ihnen
75%
sie (they ihnen
75%
sie (she) ihr
75%
wir uns
75%
er ihm
50%
es ihm
50%
ihr euch
25%
No matching quizzes found
Score Distribution
Percent of People with Each Score
Percentile by Number Answered
Your Score History
You have not taken this quiz